000 00502nam a2200193Ia 4500
003 GCL
008 140319s9999 xx 000 0 eng d
040 _aGCL /
_cGCL
082 0 4 _a532
_bF T
100 1 _aFRANCIS, J.R.D
245 1 0 _aA TEXT BOOK OF FLUID MECHANICS FOR ENGINEERING STUDIES /
_cFRANCIS, J.R.D
700 1 _aJACKSON, G
260 _a[S.N] :
_bEDWARD ARNOLD ،
_c1958
300 _a332 P
650 0 4 _aFLUIDS
650 0 4 _aMECHANICS
650 0 4 _aFLUID MECHANICS
942 _2ddc
_cBK
999 _c14398
_d14398